[Event "Regionalliga NO 1516"]
[Site "Bayern"]
[Date "2015.11.15"]
[Round "3.8"]
[White "Ammon, Fabian"]
[Black "Birkmann, Guenther"]
[Result "0-1"]
[WhiteElo "1698"]
[BlackElo "1951"]
[PlyCount "60"]
[EventDate "2015.10.11"]
[EventType "team-tourn"]
[EventRounds "9"]
[EventCountry "GER"]
[SourceTitle "EXT 2018"]
[Source "ChessBase"]
[SourceDate "2017.10.13"]
[SourceVersion "1"]
[SourceVersionDate "2017.10.13"]
[SourceQuality "1"]
[WhiteTeam "Altensittenbach"]
[BlackTeam "Zirndorf"]
[WhiteTeamCountry "GER"]
[BlackTeamCountry "GER"]

1. e4 c5 2. Nc3 e6 3. f4 Nc6 4. Bb5 Nge7 5. Nf3 a6 6. Bxc6 Nxc6 7. Qe2 d6 8. 0-0 g6 9. d3 Bg7 10. f5 0-0 11. fxg6 hxg6 12. Qf2 Nd4 13. Kh1 b5 14. Bg5 f6 15. Be3 Nxf3 16. Qxf3 b4 17. Ne2 e5 18. Qg3 Qe8 19. Qh4 Be6 20. b3 a5 21. a4 Ra7 22. Rf3 Qe7 23. Raf1 f5 24. Qxe7 Rxe7 25. exf5 gxf5 26. Ng3 f4 27. Bxf4 exf4 28. Rxf4 Rxf4 29. Rxf4 Be5 30. Nf5 Rh7 0-1

[Event "Regionalliga NO 1415"]
[Site "Bayern"]
[Date "2014.11.23"]
[Round "3.8"]
[White "Ammon, Fabian"]
[Black "Diehl, Achim"]
[Result "0-1"]
[WhiteElo "1698"]
[BlackElo "1981"]
[PlyCount "76"]
[EventDate "2014.10.19"]
[EventType "team-tourn"]
[EventRounds "9"]
[EventCountry "GER"]
[SourceTitle "EXT 2018"]
[Source "ChessBase"]
[SourceDate "2017.10.13"]
[SourceVersion "1"]
[SourceVersionDate "2017.10.13"]
[SourceQuality "1"]
[WhiteTeam "Altensittenbach"]
[BlackTeam "Nuernberg Sued SW II"]
[WhiteTeamCountry "GER"]
[BlackTeamCountry "GER"]

1. e4 c5 2. Nc3 a6 3. f4 Nc6 4. Nf3 e6 5. d3 d5 6. e5 b5 7. a3 Nh6 8. g3 Nf5 9. Bg2 Qb6 10. g4 Nfd4 11. Ne2 c4 12. Nfxd4 Nxd4 13. Nxd4 Qxd4 14. c3 Qxd3 15. Qxd3 cxd3 16. Be3 h5 17. g5 Bd7 18. Kd2 Rc8 19. b4 Be7 20. Bd4 0-0 21. Bf1 f6 22. Bxd3 fxg5 23. fxg5 Bxg5+ 24. Ke2 Ra8 25. Rhg1 Bf4 26. Rg2 a5 27. Rag1 g5 28. Be3 Bxe3 29. Kxe3 g4 30. h3 Rf3+ 31. Kd4 Rxh3 32. Rf1 axb4 33. axb4 Rf8 34. Rgg1 Be8 35. Rxf8+ Kxf8 36. Bf1 Rf3 37. Be2 Rf4+ 38. Ke3 Re4+ 0-1

[Event "Regionalliga NO 1314"]
[Site "Bayern"]
[Date "2014.02.09"]
[Round "6.7"]
[White "Ammon, Fabian"]
[Black "Sikorsky, Horst"]
[Result "1/2-1/2"]
[WhiteElo "1731"]
[BlackElo "1929"]
[PlyCount "76"]
[EventDate "2013.10.13"]
[EventType "team-tourn"]
[EventRounds "9"]
[EventCountry "GER"]
[SourceTitle "EXT 2015"]
[Source "ChessBase"]
[SourceDate "2014.11.20"]
[SourceVersion "1"]
[SourceVersionDate "2014.11.20"]
[SourceQuality "1"]
[WhiteTeam "Altensittenbach"]
[BlackTeam "Gunzenhausen"]
[WhiteTeamCountry "GER"]
[BlackTeamCountry "GER"]

1. e4 c5 2. Nc3 Nc6 3. f4 g6 4. Nf3 Bg7 5. Bb5 d6 6. Bxc6+ bxc6 7. 0-0 Nh6 8. d3 Rb8 9. Qe1 d5 10. Qf2 d4 11. Ne2 Ng4 12. Qg3 Ne3 13. f5 Rb6 14. Bxe3 dxe3 15. Rab1 Qd6 16. e5 Qb8 17. fxg6 hxg6 18. b3 Bf5 19. Rbe1 Rb4 20. h3 a5 21. a3 Rb7 22. Nc3 c4 23. bxc4 Rb2 24. Rb1 0-0 25. Qf4 e2 26. Rfe1 Qa7+ 27. Kh1 Rxb1 28. Rxb1 Qf2 29. Qh4 Qxh4 30. Nxh4 Bxe5 31. Nxe2 Be6 32. Nf3 Rb8 33. Rxb8+ Bxb8 34. Ned4 Bd7 35. Kg1 Ba7 36. Kf1 f6 37. a4 Kf7 38. Ke2 Bb6 1/2-1/2